| 000 | 00000nam##2200000za#4500 |
| 001 | 9.695959 |
| 003 | CaOODSP |
| 005 | 20210624234821 |
| 007 | cr ||||||||||| |
| 008 | 150407|2000||||xxc|||||o f|0| 0 eng|d |
| 040 | |aCaOODSP|beng |
| 043 | |an-cn--- |
| 086 | 1 |aSF31-46/2000E-PDF |
| 110 | 1 |aCanada. |bOffice of the Commissioner of Official Languages. |
| 245 | 10|aCooperation between the government and the communities : |h[electronic resource]|bnew models for service delivery |
| 260 | |aOttawa - Ontario : |bOffice of the Commissioner of Official Languages |cc2000. |
| 300 | |a52p.|bfigs., references |
| 500 | |aThe catalogue number (SF31-46/2000) and ISBN (0-662-64972-9) of the bilingual print edition have been incorrectly copied in this electronic edition. |
| 590 | |a12-16-Supp|b2012-04-17 |
| 690 | 07|aOfficial languages|2gcpds |
| 690 | 07|aGovernment services|2gcpds |
| 690 | 07|aLanguage minorities|2gcpds |
| 775 | 08|tCollaboration entre l'État et les communautés : |w(CaOODSP)9.640077 |
| 776 | 0#|tCooperation between the government and the communities : |w(CaOODSP)9.661851 |
| 776 | 0#|tCollaboration entre l'État et les communautés : |w(CaOODSP)9.661852 |
| 856 | 40|ahttp://publications.gc.ca|qPDF|s245 KB|uhttps://publications.gc.ca/collections/Collection/SF31-46-2000E.pdf |